Love On Top - Beyoncé (All Lyrics) - Statistics

General Stats
  • This quiz has been taken 293 times
  • The average score is 281 of 328
Answer Stats
Lyrics % Correct
I
100%
on
100%
on,
100%
the
100%
you
100%
you.
100%
you,
100%
You
100%
love.
97%
love
97%
to
97%
your
97%
Baby,
96%
baby,
96%
baby.
96%
Baby.
96%
a
95%
it
95%
one
95%
see
95%
see.
95%
When
95%
can
94%
need.
94%
need
94%
it's
93%
top.
93%
top,
93%
you're
93%
You're
93%
put
90%
Put
90%
my
89%
Every
88%
me,
88%
me
88%
only
88%
Come
87%
Honey,
87%
honey.
87%
all
86%
all.
86%
from
86%
way
86%
finally,
85%
Finally,
85%
finally
85%
here.
84%
feel
81%
stop.
81%
But
80%
but
80%
in.
80%
wind
79%
as
77%
As
77%
stars
77%
And
76%
And,
76%
and
76%
call.
76%
know.
76%
always
75%
beat
75%
Bring
75%
away.
74%
Can't
74%
ear
74%
ear.
74%
window
74%
everything
73%
that
72%
glow
71%
I'm
71%
smiling
71%
why
71%
everybody
69%
pane?
69%
perfect,
69%
time
69%
first.
68%
Nothing's
68%
sun
66%
just
65%
near.
64%
touch
64%
melt
63%
worth
62%
tears.
60%
whenever
60%
Now,
59%
through
58%
again,
57%
again.
57%
gives
57%
night
55%
asks
52%
kiss
52%
out
52%
we
52%
after
51%
make
51%
dance
50%
fighting
49%
face,
48%
of
48%
champagne.
47%
like
47%
boy,
42%
taste
42%
lips
38%
past
36%
whipping
24%
No matching quizzes found
Score Distribution
Percent of People with Each Score
Percentile by Number Answered
Your Score History
You have not taken this quiz